[Event "FIDE WRBTC Blitz-Pool 2024"]
[Site "Astana"]
[Date "2024.08.05"]
[Round "2.45"]
[White "Tuleyeva-Aketayeva, Dana"]
[Black "Turayev, Shahruh"]
[Result "0-1"]
[WhiteElo "2130"]
[BlackElo "2097"]
[Annotator "ChessBase"]
[PlyCount "66"]
[EventDate "2024.08.01"]
[EventType "team-tourn"]
[EventCountry "KAZ"]
[SourceTitle "playchess.com"]
[Source "ChessBase"]
[SourceQuality "1"]

1. Nf3 Nf6 2. c4 e6 3. g3 d5 4. Bg2 c5 5. O-O Nc6 6. b3 d4 7. Bb2 e5 8. d3 Bd6 9. e3 O-O 10. exd4 cxd4 11. a3 a5 12. Nbd2 h6 13. Re1 Bf5 14. h3 Bxd3 15. Nf1 Bh7 16. g4 Re8 17. Qd2 Bc5 18. Rad1 Qe7 19. Qc1 Rad8 20. Ng3 e4 21. Nh4 e3 22. Nhf5 Qc7 23. fxe3 dxe3 24. Rxd8 Qxd8 25. Kh1 Qd2 26. Bxf6 Qxc1 27. Rxc1 gxf6 28. Bd5 Bxf5 29. gxf5 Bxa3 30. Re1 Bb4 31. Rg1 Kh8 32. Nh5 e2 33. Nxf6 e1=Q 0-1

[Event "FIDE WRBTC Blitz-Pool 2024"]
[Site "Astana"]
[Date "2024.08.05"]
[Round "2.46"]
[White "Agajanova, Meryem"]
[Black "Tolegenov, Rollan"]
[Result "1/2-1/2"]
[WhiteElo "2007"]
[BlackElo "1828"]
[Annotator "ChessBase"]
[PlyCount "107"]
[EventDate "2024.08.01"]
[EventType "team-tourn"]
[EventCountry "KAZ"]
[SourceTitle "playchess.com"]
[Source "ChessBase"]
[SourceQuality "1"]

1. d4 d5 2. c4 e6 3. Nf3 Nf6 4. g3 c6 5. Nbd2 Be7 6. Bg2 O-O 7. O-O Re8 8. Qc2 Nbd7 9. Rd1 Bd6 10. e4 dxe4 11. Nxe4 Nxe4 12. Qxe4 Nf8 13. Bg5 Be7 14. Bxe7 Qxe7 15. Ne5 Ng6 16. Rac1 Rd8 17. a3 Bd7 18. Rd2 Nxe5 19. dxe5 Be8 20. Rcd1 Rxd2 21. Rxd2 Rd8 22. Rd4 a6 23. Kf1 Rxd4 24. Qxd4 Qd7 25. Qxd7 Bxd7 26. c5 Kf8 27. Ke2 Ke7 28. Kd3 f6 29. f4 Be8 30. Be4 Bg6 31. g4 fxe5 32. fxe5 Bxe4+ 33. Kxe4 Kf7 34. h4 g6 35. Kd4 Ke7 36. Kc4 h6 37. Kb4 Kd7 38. Ka5 Kc8 39. Kb6 Kb8 40. b3 Kc8 41. b4 Kb8 42. a4 Kc8 43. b5 cxb5 44. axb5 axb5 45. Kxb5 Kc7 46. Kb4 Kc6 47. Kc4 b6 48. cxb6 Kxb6 49. Kb4 Kc6 50. Kc4 Kb6 51. Kb4 Kc6 52. Kc4 Kb6 53. Kb4 Kc6 54. Kc4 1/2-1/2

[Event "FIDE WRBTC Blitz-Pool 2024"]
[Site "Astana"]
[Date "2024.08.05"]
[Round "2.46"]
[White "Ulkhanov, Azamat"]
[Black "Nakhbayeva, Guliskhan"]
[Result "0-1"]
[WhiteElo "2006"]
[BlackElo "2326"]
[Annotator "ChessBase"]
[PlyCount "72"]
[EventDate "2024.08.01"]
[EventType "team-tourn"]
[EventCountry "KAZ"]
[SourceTitle "playchess.com"]
[Source "ChessBase"]
[SourceQuality "1"]

1. e4 e6 2. d4 d5 3. Nc3 Nf6 4. e5 Nfd7 5. f4 c5 6. Nf3 Nc6 7. Be3 Be7 8. Qd2 O-O 9. Be2 b6 10. O-O f6 11. exf6 Nxf6 12. Ne5 Bb7 13. Nxc6 Bxc6 14. Bf3 Qd7 15. Rad1 Rad8 16. Ne2 Ne4 17. Bxe4 dxe4 18. Qc3 Bf6 19. Qb3 Ba4 20. Qc3 Bb5 21. Qe1 Bxe2 22. Qxe2 cxd4 23. Bf2 Qc6 24. Rfe1 e3 25. Bg3 Rc8 26. Rc1 Qd5 27. a3 Rc6 28. Qd3 Rfc8 29. Re2 Qf5 30. Qb3 d3 31. Rxe3 Bd4 32. Bf2 Bxe3 33. Bxe3 Rxc2 34. Rd1 Qe4 35. Bf2 Rxf2 36. Kxf2 Rc2+ 0-1

[Event "FIDE WRBTC Blitz-Pool 2024"]
[Site "Astana"]
[Date "2024.08.05"]
[Round "2.47"]
[White "Turlej, Lukasz"]
[Black "Momyn, Madina"]
[Result "1-0"]
[WhiteElo "2105"]
[BlackElo "1733"]
[Annotator "ChessBase"]
[PlyCount "43"]
[EventDate "2024.08.01"]
[EventType "team-tourn"]
[EventCountry "KAZ"]
[SourceTitle "playchess.com"]
[Source "ChessBase"]
[SourceQuality "1"]

1. d4 Nf6 2. c4 d6 3. Nc3 g6 4. e4 Bg7 5. f3 Nbd7 6. Be3 O-O 7. Bd3 c5 8. Nge2 a6 9. a4 b6 10. O-O Rb8 11. Qd2 Ne8 12. Rab1 Nc7 13. b4 cxd4 14. Nxd4 Bb7 15. Rfc1 Ne5 16. Be2 Qd7 17. b5 axb5 18. axb5 Ba8 19. Nd5 Rfc8 20. Nc6 Nxd5 21. Nxb8 Nxe3 22. Nxd7 1-0

[Event "FIDE WRBTC Blitz-Pool 2024"]
[Site "Astana"]
[Date "2024.08.05"]
[Round "2.47"]
[White "Akylbek, Eskendir"]
[Black "Ezizov, Muhammet"]
[Result "1-0"]
[WhiteElo "1603"]
[BlackElo "1909"]
[Annotator "ChessBase"]
[PlyCount "79"]
[EventDate "2024.08.01"]
[EventType "team-tourn"]
[EventCountry "KAZ"]
[SourceTitle "playchess.com"]
[Source "ChessBase"]
[SourceQuality "1"]

1. d4 Nf6 2. Nd2 d5 3. e3 e6 4. Bd3 c5 5. c3 Nc6 6. f4 cxd4 7. exd4 Bd6 8. g3 Bd7 9. Ngf3 h6 10. O-O a6 11. Ne5 Qb6 12. Kh1 Rf8 13. Qe2 O-O-O 14. b4 Bxe5 15. fxe5 Ng8 16. a4 a5 17. Rb1 axb4 18. cxb4 Nxd4 19. Qf2 Qa7 20. Bb2 Nc6 21. Qe2 f6 22. b5 Nce7 23. Rfc1+ Kb8 24. exf6 Nxf6 25. Be5+ Ka8 26. b6 Qa5 27. Nb3 Qxb6 28. Bd4 Qd6 29. Bc5 Qb8 30. Bxe7 Ne4 31. Bxe4 dxe4 32. Bxd8 Qxd8 33. Nc5 Bc6 34. Nxe6 e3+ 35. Rxc6 Qd5+ 36. Qg2 e2 37. Nc7+ Ka7 38. Nxd5 Rf1+ 39. Rxf1 exf1=Q+ 40. Qxf1 1-0

[Event "FIDE WRBTC Blitz-Pool 2024"]
[Site "Astana"]
[Date "2024.08.05"]
[Round "2.48"]
[White "Sholpanbek, Zhansaya"]
[Black "Demezhanov, Tuleubek"]
[Result "1-0"]
[WhiteElo "1752"]
[BlackElo "1776"]
[Annotator "NA"]
[PlyCount "63"]
[EventDate "2024.08.01"]
[EventType "team-tourn"]
[EventCountry "KAZ"]
[SourceTitle "playchess.com"]
[Source "ChessBase"]
[SourceQuality "1"]

1. e4 e5 2. Nf3 Nc6 3. Bc4 Nf6 4. d3 h6 5. c3 d5 6. exd5 Nxd5 7. O-O Be7 8. Re1 Bg4 9. h3 Bxf3 10. Qxf3 Nf6 11. Nd2 O-O 12. Nf1 Na5 13. Bb3 Nxb3 14. axb3 Bd6 15. b4 Re8 16. Qxb7 Qb8 17. Qf3 Qb5 18. Ng3 Bf8 19. Bxh6 gxh6 20. Qxf6 Re6 21. Qf3 Rd8 22. Re3 c5 23. Nf5 cxb4 24. Qh5 Rxd3 25. Re4 Qb6 26. Rg4+ Rg6 27. cxb4 Rd2 28. Qh4 Rxb2 29. Rd1 Rxb4 30. Rxb4 Qxb4 31. Qd8 Kh7 32. Rd7 1-0

[Event "FIDE WRBTC Blitz-Pool 2024"]
[Site "Astana"]
[Date "2024.08.05"]
[Round "2.48"]
[White "Gein, Dmitriy"]
[Black "Musauly, Nurali"]
[Result "0-1"]
[WhiteElo "1723"]
[BlackElo "1816"]
[Annotator "NA"]
[PlyCount "82"]
[EventDate "2024.08.01"]
[EventType "team-tourn"]
[EventCountry "KAZ"]
[SourceTitle "playchess.com"]
[Source "ChessBase"]
[SourceQuality "1"]

1. c4 e6 2. Nc3 d5 3. d4 Nf6 4. Nf3 Be7 5. cxd5 exd5 6. Bg5 h6 7. Bh4 c6 8. e3 O-O 9. Bd3 Re8 10. O-O Ne4 11. Bxe7 Qxe7 12. Nd2 Nxd2 13. Qxd2 Nd7 14. Rfe1 Nf6 15. f3 Be6 16. e4 Qd8 17. e5 Nd7 18. f4 Nf8 19. f5 Bd7 20. f6 Ne6 21. fxg7 Qg5 22. Qf2 Kxg7 23. Re3 Qf4 24. Rg3+ Kh8 25. Qxf4 Nxf4 26. Rf1 Nxd3 27. Rxd3 Be6 28. Na4 b6 29. Rc3 Rac8 30. Rfc1 Bd7 31. b3 Re6 32. Nb2 Rg6 33. Nd3 Rcg8 34. Nf4 Rg4 35. Rf1 R8g7 36. Rc2 Bf5 37. Rxc6 Be4 38. Rf2 Kh7 39. Rc3 h5 40. Nxh5 Rxg2+ 41. Rxg2 Rxg2+ 0-1

[Event "FIDE WRBTC Blitz-Pool 2024"]
[Site "Astana"]
[Date "2024.08.05"]
[Round "3.1"]
[White "Sarana, Alexey"]
[Black "Nihal Sarin"]
[Result "1/2-1/2"]
[WhiteElo "2717"]
[BlackElo "2668"]
[Annotator "ChessBase"]
[PlyCount "84"]
[EventDate "2024.08.01"]
[EventType "team-tourn"]
[EventCountry "KAZ"]
[SourceTitle "playchess.com"]
[Source "ChessBase"]
[SourceQuality "1"]

1. d4 d5 2. c4 e6 3. Nc3 c6 4. e4 Bb4 5. cxd5 cxd5 6. exd5 exd5 7. Nf3 Nf6 8. Bd3 O-O 9. O-O h6 10. Bf4 Nc6 11. h3 Ba5 12. Qa4 Bb6 13. Rad1 Bd7 14. Qb3 Be6 15. Bb1 Rc8 16. Rfe1 Na5 17. Qc2 Re8 18. Ne5 Nc6 19. Nxc6 Rxc6 20. Qd2 Ba5 21. f3 Bxc3 22. bxc3 Nd7 23. Re2 Nf8 24. Rde1 Bd7 25. Rxe8 Bxe8 26. Bd3 Re6 27. Rb1 Bc6 28. c4 Ng6 29. Bxg6 Rxg6 30. c5 Qf6 31. Kh2 Qf5 32. Re1 Re6 33. g4 Qg6 34. Kg3 Rxe1 35. Qxe1 Qe6 36. Qb1 a6 37. h4 Qg6 38. Qe1 h5 39. Qe7 hxg4 40. fxg4 Qd3+ 41. Qe3 Qxe3+ 42. Bxe3 f6 1/2-1/2

[Event "FIDE WRBTC Blitz-Pool 2024"]
[Site "Astana"]
[Date "2024.08.05"]
[Round "3.1"]
[White "Shonazarov, Orash"]
[Black "Carlsen, Magnus"]
[Result "0-1"]
[WhiteElo "2277"]
[BlackElo "2832"]
[Annotator "TA"]
[PlyCount "72"]
[EventDate "2024.08.01"]
[EventType "team-tourn"]
[EventCountry "KAZ"]
[SourceTitle "playchess.com"]
[Source "ChessBase"]
[SourceQuality "1"]

1. e4 Nc6 2. Nf3 f5 3. exf5 d5 4. Bb5 Bxf5 5. O-O e6 6. Nd4 Qd7 7. Bxc6 bxc6 8. Nxf5 exf5 9. Re1+ Kf7 10. d3 Nf6 11. Nd2 Bd6 12. Nf3 Rhe8 13. Bg5 h6 14. Bxf6 Kxf6 15. Qd2 c5 16. h4 Qa4 17. b3 Qb4 18. Qxb4 cxb4 19. Kf1 g5 20. Rxe8 Rxe8 21. Re1 Rxe1+ 22. Kxe1 Bc5 23. hxg5+ hxg5 24. Ke2 g4 25. Nh4 f4 26. g3 Kg5 27. Kf1 f3 28. Ke1 Bd4 29. Kf1 Bc3 30. Kg1 Bd2 31. Kf1 Kf6 32. Kg1 Bg5 33. Kh1 Bxh4 34. gxh4 Kg6 35. Kh2 Kh5 36. Kg3 d4 0-1

[Event "FIDE WRBTC Blitz-Pool 2024"]
[Site "Astana"]
[Date "2024.08.05"]
[Round "3.2"]
[White "Eljanov, Pavel"]
[Black "Martirosyan, Haik M."]
[Result "1/2-1/2"]
[WhiteElo "2672"]
[BlackElo "2667"]
[Annotator "ChessBase"]
[PlyCount "145"]
[EventDate "2024.08.01"]
[EventType "team-tourn"]
[EventCountry "KAZ"]
[SourceTitle "playchess.com"]
[Source "ChessBase"]
[SourceQuality "1"]

1. d4 Nf6 2. c4 e6 3. Nc3 Bb4 4. e3 O-O 5. Bd3 d5 6. a3 Bxc3+ 7. bxc3 dxc4 8. Bxc4 c5 9. Bb2 Nc6 10. Nf3 Qc7 11. O-O e5 12. h3 h6 13. Qe2 b6 14. Rac1 Re8 15. Rfd1 e4 16. Nd2 Na5 17. Ba2 cxd4 18. cxd4 Qd8 19. d5 Nb7 20. Nc4 Nc5 21. Ne5 Qd6 22. Nc4 Qd8 23. Bd4 Nd3 24. Rc2 Ba6 25. d6 b5 26. Nb2 b4 27. Bc4 Bxc4 28. Rxc4 bxa3 29. Nxd3 exd3 30. Qxd3 Qxd6 31. Bxf6 Qxf6 32. Qxa3 a5 33. Ra4 Re5 34. Qc3 Rd5 35. Rdd4 Rxd4 36. Rxd4 a4 37. Qa3 Qc6 38. Rd1 Qc2 39. Ra1 h5 40. Qb4 g6 41. Ra3 Qc1+ 42. Kh2 Qc7+ 43. g3 Qc2 44. Kg2 Qc6+ 45. Kh2 Qf3 46. Qb2 Kh7 47. Kg1 Rd8 48. Ra1 h4 49. gxh4 Qxh3 50. Qf6 Qg4+ 51. Kh2 Rd7 52. Qg5 Qxg5 53. hxg5 Ra7 54. Ra3 Kg7 55. Kg3 Kf8 56. Kf4 Ke7 57. Ke5 Ra5+ 58. Kd4 Ke6 59. e4 Rxg5 60. Rxa4 Rb5 61. Ke3 g5 62. Ra3 Ke5 63. Rd3 f6 64. Kf3 Ra5 65. Rc3 Ra1 66. Rc5+ Ke6 67. Rd5 Rh1 68. Ke2 Rh3 69. f3 Rh1 70. Ra5 Rh3 71. Kf2 Rh2+ 72. Ke3 Rh3 73. Kf2 1/2-1/2

[Event "FIDE WRBTC Blitz-Pool 2024"]
[Site "Astana"]
[Date "2024.08.05"]
[Round "3.2"]
[White "Sadhwani, Raunak"]
[Black "Artemiev, Vladislav"]
[Result "1/2-1/2"]
[WhiteElo "2653"]
[BlackElo "2699"]
[Annotator "ChessBase"]
[PlyCount "79"]
[EventDate "2024.08.01"]
[EventType "team-tourn"]
[EventCountry "KAZ"]
[SourceTitle "playchess.com"]
[Source "ChessBase"]
[SourceQuality "1"]

1. e4 c5 2. Nf3 d6 3. d4 cxd4 4. Nxd4 Nf6 5. Nc3 a6 6. Bg5 Nbd7 7. Be3 Qc7 8. g4 h6 9. a4 e6 10. h4 Ne5 11. Rg1 b6 12. g5 hxg5 13. hxg5 Nfd7 14. g6 Nxg6 15. Rxg6 fxg6 16. Nxe6 Qc6 17. Nd5 Ne5 18. Nec7+ Kf7 19. f3 Rb8 20. Qe2 Rh1 21. O-O-O Rb7 22. Na8 Qxa4 23. Kb1 Be6 24. Naxb6 Rxb6 25. Bxb6 Bxd5 26. exd5 Qb5 27. Qf2 Nc4 28. Bd4 Rxf1 29. Rxf1 Nd2+ 30. Qxd2 Qxf1+ 31. Ka2 Qc4+ 32. b3 Qxd5 33. Qc3 g5 34. Kb1 Qb5 35. Kb2 Qd5 36. Kb1 Qb5 37. Kb2 Kg6 38. Ka2 Kf7 39. Kb2 Qd5 40. Kb1 1/2-1/2

[Event "FIDE WRBTC Blitz-Pool 2024"]
[Site "Astana"]
[Date "2024.08.05"]
[Round "3.3"]
[White "Andreikin, Dmitry"]
[Black "Narayanan S L"]
[Result "0-1"]
[WhiteElo "2729"]
[BlackElo "2649"]
[Annotator "RC"]
[PlyCount "122"]
[EventDate "2024.08.01"]
[EventType "team-tourn"]
[EventCountry "KAZ"]
[SourceTitle "playchess.com"]
[Source "ChessBase"]
[SourceQuality "1"]

1. Nf3 c5 2. c4 Nf6 3. Nc3 Nc6 4. g3 g6 5. Bg2 d6 6. d4 cxd4 7. Nxd4 Bd7 8. b3 Bg7 9. Bb2 Nxd4 10. Qxd4 Bc6 11. O-O Bxg2 12. Kxg2 O-O 13. Nd5 a6 14. a4 Nh5 15. Qd2 e6 16. Bxg7 Kxg7 17. Qd4+ Kg8 18. Nb6 e5 19. Qe3 Rb8 20. Rad1 Qe7 21. Nd5 Qe6 22. Rd2 f5 23. f4 Rf7 24. Qf3 Re8 25. e3 Nf6 26. Nxf6+ Qxf6 27. Rfd1 Re6 28. Rd5 exf4 29. Qxf4 Qb2+ 30. Kh3 Qxb3 31. Rxd6 Qxe3 32. Qxe3 Rxe3 33. Rd7 Ree7 34. Rxe7 Rxe7 35. Rb1 Kg7 36. Rb6 Kh6 37. a5 Rc7 38. Rb4 Kg5 39. Kg2 f4 40. Kf3 fxg3 41. hxg3 h5 42. Kg2 Rc5 43. Rxb7 Rxa5 44. Rb6 Kf5 45. c5 g5 46. c6 Ra2+ 47. Kf3 Ra3+ 48. Kf2 Rc3 49. Rxa6 Kg4 50. Ra4+ Kh3 51. Ra5 h4 52. gxh4 g4 53. Rg5 g3+ 54. Ke2 Rxc6 55. h5 g2 56. Kf3 Rf6+ 57. Ke4 Kh2 58. Ke5 Rf8 59. h6 g1=Q 60. Rh5+ Kg2 61. Rg5+ Kf2 0-1

[Event "FIDE WRBTC Blitz-Pool 2024"]
[Site "Astana"]
[Date "2024.08.05"]
[Round "3.3"]
[White "Vidit, Santosh Gujrathi"]
[Black "Volokitin, Andrei"]
[Result "1-0"]
[WhiteElo "2720"]
[BlackElo "2667"]
[Annotator "ChessBase"]
[PlyCount "74"]
[EventDate "2024.08.01"]
[EventType "team-tourn"]
[EventCountry "KAZ"]
[SourceTitle "playchess.com"]
[Source "ChessBase"]
[SourceQuality "1"]

1. Nf3 c5 2. c4 Nf6 3. Nc3 Nc6 4. e3 e6 5. d4 d5 6. a3 a6 7. dxc5 Bxc5 8. b4 Bd6 9. Ra2 a5 10. cxd5 axb4 11. dxc6 bxc3 12. cxb7 Bxb7 13. Bb5+ Ke7 14. O-O Qc7 15. a4 Rhd8 16. Qe2 Bd5 17. Ra1 Rac8 18. h3 Bc4 19. Bxc4 Qxc4 20. Qxc4 Rxc4 21. a5 Ra8 22. Nd4 Nd5 23. Ba3 Bxa3 24. Rxa3 g6 25. Rc1 e5 26. Ne2 c2 27. Ra2 Nb4 28. Ra4 Rac8 29. a6 Nd3 30. Rxc4 Rxc4 31. Ra1 Rb4 32. Ra3 Rb1+ 33. Kh2 Re1 34. Rxd3 Rxe2 35. Rc3 c1=Q 36. Rxc1 Ra2 37. Rc7+ Ke6 1-0

[Event "FIDE WRBTC Blitz-Pool 2024"]
[Site "Astana"]
[Date "2024.08.05"]
[Round "3.3"]
[White "Sartbayev, Askar"]
[Black "Abdusattorov, Nodirbek"]
[Result "0-1"]
[WhiteElo "1702"]
[BlackElo "2762"]
[Annotator "TA"]
[PlyCount "72"]
[EventDate "2024.08.01"]
[EventType "team-tourn"]
[EventCountry "KAZ"]
[SourceTitle "playchess.com"]
[Source "ChessBase"]
[SourceQuality "1"]

1. e4 c5 2. Nf3 d6 3. d4 cxd4 4. Nxd4 Nf6 5. Nc3 a6 6. Be2 e5 7. Nb3 Be7 8. O-O O-O 9. a4 Be6 10. Be3 Nbd7 11. a5 Rc8 12. Nd5 Nxe4 13. Bf3 f5 14. Nxe7+ Qxe7 15. Bxe4 fxe4 16. Nd2 d5 17. c3 Nb8 18. f3 exf3 19. Nxf3 Nc6 20. Ng5 Rxf1+ 21. Qxf1 h6 22. Nxe6 Qxe6 23. Qd3 d4 24. cxd4 exd4 25. Bf2 Rd8 26. h3 Rd5 27. Ra4 Qf5 28. Qxf5 Rxf5 29. Be1 Rc5 30. Ra1 Rc2 31. b4 Kf7 32. Kf1 Ke6 33. Rb1 Na7 34. Bf2 Nb5 35. Ke1 Kd5 36. Kd1 Rxf2 0-1

[Event "FIDE WRBTC Blitz-Pool 2024"]
[Site "Astana"]
[Date "2024.08.05"]
[Round "3.4"]
[White "Pranav, V."]
[Black "Maghsoodloo, Parham"]
[Result "1-0"]
[WhiteElo "2598"]
[BlackElo "2723"]
[Annotator "RC"]
[PlyCount "107"]
[EventDate "2024.08.01"]
[EventType "team-tourn"]
[EventCountry "KAZ"]
[SourceTitle "playchess.com"]
[Source "ChessBase"]
[SourceQuality "1"]

1. e4 c5 2. Nf3 Nc6 3. Bb5 e6 4. Bxc6 bxc6 5. b3 Ne7 6. Bb2 Ng6 7. h4 h5 8. g3 f6 9. d3 e5 10. Nbd2 d5 11. Nh2 Be6 12. Qe2 Qd7 13. O-O-O Bd6 14. Rde1 Kf7 15. Rhg1 Rae8 16. Qf1 Bh3 17. Qe2 Bc7 18. Kb1 Ba5 19. Rd1 Bc7 20. Qe3 Bb6 21. c4 d4 22. Qe2 a5 23. a4 Bc7 24. Ka2 Nf8 25. f3 g5 26. hxg5 fxg5 27. f4 exf4 28. gxf4 Bxf4 29. Nhf3 Bg4 30. Rdf1 Ke7 31. e5 Ne6 32. Ne4 Rb8 33. Ba3 Qa7 34. Qe1 Rb4 35. Bxb4 cxb4 36. Nf6 Bxf3 37. Rxf3 Qc5 38. Rh1 Qxe5 39. Ne4 h4 40. Qg1 Qf5 41. Nf2 Kd6 42. Qg2 Kc7 43. Re1 Nc5 44. Nh3 Nxd3 45. Qc2 Nxe1 46. Qxf5 Nxf3 47. Nxf4 gxf4 48. Qxf4+ Kb6 49. Qxf3 h3 50. Qf6 Rh7 51. Qf5 Rh4 52. c5+ Kb7 53. Qd7+ Kb8 54. Qd8+ 1-0

[Event "FIDE WRBTC Blitz-Pool 2024"]
[Site "Astana"]
[Date "2024.08.05"]
[Round "3.4"]
[White "Smirin, Ilia"]
[Black "Erdogmus, Yagiz Kaan"]
[Result "0-1"]
[WhiteElo "2575"]
[BlackElo "2599"]
[Annotator "ChessBase"]
[PlyCount "54"]
[EventDate "2024.08.01"]
[EventType "team-tourn"]
[EventCountry "KAZ"]
[SourceTitle "playchess.com"]
[Source "ChessBase"]
[SourceQuality "1"]

1. e4 c5 2. Nf3 a6 3. Nc3 b5 4. d4 cxd4 5. Nxd4 Bb7 6. Bd3 Nc6 7. Nxc6 Bxc6 8. O-O e6 9. a4 b4 10. Nb1 Bd6 11. Nd2 Ne7 12. Qe2 Ng6 13. Nf3 O-O 14. Bg5 Qc7 15. Rfe1 Bf4 16. g3 Bxg5 17. Nxg5 Ne5 18. Nf3 Nxf3+ 19. Qxf3 f5 20. Qe2 f4 21. Bxa6 Rf7 22. Bb5 Raf8 23. Rf1 Qe5 24. Bxc6 dxc6 25. a5 f3 26. Qe3 Qh5 27. h4 Rf4 0-1

[Event "FIDE WRBTC Blitz-Pool 2024"]
[Site "Astana"]
[Date "2024.08.05"]
[Round "3.5"]
[White "Koneru, Humpy"]
[Black "Khotenashvili, Bella"]
[Result "0-1"]
[WhiteElo "2530"]
[BlackElo "2427"]
[Annotator "ChessBase"]
[PlyCount "176"]
[EventDate "2024.08.01"]
[EventType "team-tourn"]
[EventCountry "KAZ"]
[SourceTitle "playchess.com"]
[Source "ChessBase"]
[SourceQuality "1"]

1. Nf3 Nf6 2. c4 g6 3. b3 Bg7 4. Bb2 O-O 5. g3 c6 6. Bg2 d5 7. O-O a5 8. d3 a4 9. b4 dxc4 10. dxc4 Qxd1 11. Rxd1 Be6 12. Na3 Na6 13. b5 cxb5 14. cxb5 Nb4 15. Nd4 Bd5 16. Bxd5 Nbxd5 17. Nc4 Nd7 18. Nf5 Bxb2 19. Nxb2 N7b6 20. Nd4 e5 21. Nf3 Nc3 22. Rd6 a3 23. Nd1 Nc4 24. Rd7 Nxe2+ 25. Kf1 Nd4 26. Nxd4 exd4 27. Rxd4 Rfc8 28. Rb1 Nb6 29. Ne3 Rd8 30. Rxd8+ Rxd8 31. Rb3 Ra8 32. Ke2 Kf8 33. Nc2 Ra5 34. Nxa3 Ke7 35. Kd3 Ke6 36. Kd4 Kd7 37. Kc5 Nc8 38. Kb4 b6 39. Rd3+ Kc7 40. Rc3+ Kb7 41. Rd3 Kc7 42. h4 Ra7 43. Rd2 Nd6 44. Nc4 Ne4 45. Re2 f5 46. a4 Ra8 47. Rc2 Kb7 48. a5 bxa5+ 49. Nxa5+ Kb8 50. b6 Nd6 51. Rc6 Nb7 52. Nc4 Ra1 53. Rf6 Rb1+ 54. Kc3 Nc5 55. Rf8+ Kb7 56. Rf7+ Kc6 57. Rc7+ Kd5 58. Ne3+ Kd6 59. Rxh7 Ne4+ 60. Kc2 Rb5 61. Nc4+ Kd5 62. Ne3+ Ke5 63. Rg7 Kf6 64. Rc7 Nxf2 65. b7 Ke5 66. Nc4+ Kd5 67. Na3 Rb6 68. Rg7 Ne4 69. Kd3 Nc5+ 70. Ke3 Nxb7 71. Kf4 Nc5 72. Kg5 Ne4+ 73. Kh6 g5+ 74. Kh5 g4 75. Rf7 Nxg3+ 76. Kg5 Ke4 77. Nc4 Rc6 78. Nd2+ Ke3 79. h5 Kxd2 80. h6 Ke3 81. h7 Rc8 82. Rg7 Rh8 83. Kg6 f4 84. Rg8 Rxh7 85. Kxh7 Kf3 86. Kg6 Ne2 87. Kf5 g3 88. Ke5 g2 0-1

[Event "FIDE WRBTC Blitz-Pool 2024"]
[Site "Astana"]
[Date "2024.08.05"]
[Round "3.5"]
[White "Zhu, Jiner"]
[Black "Dronavalli, Harika"]
[Result "1/2-1/2"]
[WhiteElo "2479"]
[BlackElo "2502"]
[Annotator "ChessBase"]
[PlyCount "91"]
[EventDate "2024.08.01"]
[EventType "team-tourn"]
[EventCountry "KAZ"]
[SourceTitle "playchess.com"]
[Source "ChessBase"]
[SourceQuality "1"]

1. e4 e6 2. d4 d5 3. e5 c5 4. c3 Bd7 5. Nf3 Ne7 6. Bd3 Nbc6 7. Na3 cxd4 8. cxd4 Nf5 9. Nc2 Qb6 10. Bxf5 exf5 11. h4 h6 12. Rb1 Nb4 13. a3 Nxc2+ 14. Qxc2 Rc8 15. Qd3 Qb5 16. Qxb5 Bxb5 17. Bd2 Kd7 18. Rc1 Be7 19. Bc3 Ke6 20. Kd2 Rc4 21. Ne1 g5 22. Nd3 Rcc8 23. h5 b6 24. Bb4 Bxd3 25. Kxd3 Bxb4 26. axb4 Kd7 27. Rc3 Rc7 28. Ra1 Ra8 29. b5 Rac8 30. f3 Rxc3+ 31. bxc3 Rc7 32. g4 f4 33. Ra4 Ke6 34. Ra6 Kd7 35. Ra4 Ke6 36. Ra3 Kd7 37. Ra2 Ke6 38. Ra4 Kd7 39. Ra2 Ke6 40. Ra1 Kd7 41. Ra6 Ke7 42. Ra2 Kd7 43. Ra1 Ke7 44. Ra4 Kd7 45. Ra3 Ke7 46. Ra4 1/2-1/2

[Event "FIDE WRBTC Blitz-Pool 2024"]
[Site "Astana"]
[Date "2024.08.05"]
[Round "3.5"]
[White "Zhumagali, Raian"]
[Black "Kosteniuk, Alexandra"]
[Result "0-1"]
[WhiteElo "1632"]
[BlackElo "2488"]
[Annotator "ChessBase"]
[PlyCount "42"]
[EventDate "2024.08.01"]
[EventType "team-tourn"]
[EventCountry "KAZ"]
[SourceTitle "playchess.com"]
[Source "ChessBase"]
[SourceQuality "1"]

1. e4 c6 2. d4 d5 3. e5 c5 4. c3 Nc6 5. Bb5 cxd4 6. cxd4 Qb6 7. Bxc6+ bxc6 8. Nc3 e6 9. Nge2 Ne7 10. O-O Nf5 11. Na4 Qc7 12. Qc2 Ba6 13. Rd1 Be7 14. Be3 O-O 15. Nf4 Rab8 16. Nd3 Nxe3 17. fxe3 Bg5 18. Kf2 f6 19. Ke2 fxe5 20. dxe5 Qxe5 21. g3 Qxe3# 0-1

[Event "FIDE WRBTC Blitz-Pool 2024"]
[Site "Astana"]
[Date "2024.08.05"]
[Round "3.6"]
[White "Tanikin, Isabek"]
[Black "Ainakul, Mukhtar"]
[Result "1/2-1/2"]
[WhiteElo "1952"]
[BlackElo "1935"]
[Annotator "ChessBase"]
[PlyCount "103"]
[EventDate "2024.08.01"]
[EventType "team-tourn"]
[EventCountry "KAZ"]
[SourceTitle "playchess.com"]
[Source "ChessBase"]
[SourceQuality "1"]

1. e4 e5 2. Nf3 Nc6 3. d4 exd4 4. Nxd4 Nf6 5. Nxc6 bxc6 6. e5 Qe7 7. Qe2 Nd5 8. c4 Ba6 9. Qe4 Nb6 10. Nc3 Bb7 11. Bf4 Qe6 12. Bd3 Bb4 13. O-O Bxc3 14. bxc3 Na4 15. Bc2 Nc5 16. Qe3 Qxc4 17. Rab1 Ba6 18. Rfd1 Ne6 19. Bg3 Qe2 20. Qc1 Qh5 21. Qa3 Be2 22. Rd2 c5 23. Re1 Bg4 24. Ba4 O-O 25. Bxd7 Rfd8 26. h3 Bf5 27. Red1 h6 28. Bxe6 Qxd1+ 29. Rxd1 Rxd1+ 30. Kh2 Bxe6 31. Qxc5 Rd7 32. Qc6 Rb8 33. c4 Rb7 34. Qe4 Rb2 35. Qa8+ Kh7 36. Qe4+ Kg8 37. Qa8+ Kh7 38. Qe4+ Kg8 39. Qa8+ Kh7 40. Qe4+ Kg8 41. Qa8+ Kh7 42. Qe4+ Kg8 43. Qa8+ Kh7 44. Qe4+ Kg8 45. Qa8+ Kh7 46. Qe4+ Kg8 47. Qa8+ Kh7 48. Qe4+ Kg8 49. Qa8+ Kh7 50. Qe4+ Kg8 51. Qa8+ Kh7 52. Qe4+ 1/2-1/2

[Event "FIDE WRBTC Blitz-Pool 2024"]
[Site "Astana"]
[Date "2024.08.05"]
[Round "3.6"]
[White "Rosenstein, Wadim"]
[Black "Ermekbaev, Iliyas"]
[Result "1-0"]
[WhiteElo "1887"]
[BlackElo "1621"]
[Annotator "NA"]
[PlyCount "79"]
[EventDate "2024.08.01"]
[EventType "team-tourn"]
[EventCountry "KAZ"]
[SourceTitle "playchess.com"]
[Source "ChessBase"]
[SourceQuality "1"]

1. e4 c5 2. d4 cxd4 3. Qxd4 Nc6 4. Qd3 Nf6 5. Nc3 d6 6. Nf3 e6 7. Be2 Be7 8. Bf4 e5 9. Bg5 Be6 10. Bxf6 gxf6 11. Nd5 Bxd5 12. exd5 Nb8 13. Nh4 f5 14. Nxf5 Bf6 15. Qb5+ Kf8 16. Qxb7 Nd7 17. Qc6 Be7 18. Nxe7 Kxe7 19. O-O Rc8 20. Qa4 f5 21. Bb5 Nf6 22. Qxa7+ Rc7 23. Qa3 Rg8 24. Rfe1 Kf7 25. Bc6 Kg7 26. Qh3 Qc8 27. a4 Kh8 28. a5 Rcg7 29. g3 f4 30. Qxc8 Rxc8 31. a6 Rcc7 32. b4 e4 33. b5 e3 34. fxe3 fxg3 35. h3 g2 36. b6 Rcf7 37. a7 Nh5 38. a8=Q+ Rg8 39. Qxg8+ Kxg8 40. b7 1-0